000 00544nam a2200217Ia 4500
003 OSt
005 20220928143921.0
006 a|||||r|||| 00| 0
007 ta
008 220927b |||||||| |||| 00| 0 eng d
024 _a23347
037 _cTextual
040 _aSDCL
_cSDCL
_beng
041 _2eng
_aeng
082 _aO152,3:g, L2;1
100 _aSaxena Usha
_9408852
245 0 _aHindi upanyason ka shilpgat vikas.
260 _c1972
942 _hO152,3:g, L2;1
_cTEXL
_2CC
999 _c825293
_d825293